00381nam a22001337a 4500008004100000040005500041080001600096100001700112245002000129260006400149300001000213650001200223653001200235230605b |||||||| |||| 00| 0 eng d aNational Science LibrarycNational Science Library a615.371bN5 aPhondke, Bal aShot in the arm aNew Delhi: bPublications & Information Directorate, c1995 a127p. aScience aBiology